Electronic signals and systems. (Record no. 4754)
[ view plain ]
| 000 -LEADER | |
|---|---|
| fixed length control field | 00669nac a22001931u 4500 |
| 020 ## - INTERNATIONAL STANDARD BOOK NUMBER | |
| International Standard Book Number | 0333472896 (pbk) : |
| 082 ## - DEWEY DECIMAL CLASSIFICATION NUMBER | |
| Classification number | 621.3804 |
| Item number | L9891 |
| 090 ## - LOCALLY ASSIGNED LC-TYPE CALL NUMBER (OCLC); LOCAL CALL NUMBER (OCLC) | |
| -- | 4754 |
| -- | 4754 |
| 100 ## - MAIN ENTRY--PERSONAL NAME | |
| Personal name | Lynn, Paul A. (Paul An, |
| 245 ## - TITLE STATEMENT | |
| Title | Electronic signals and systems. |
| Statement of responsibility, etc | Paul A Lynn |
| 260 ## - PUBLICATION, DISTRIBUTION, ETC. (IMPRINT) | |
| Name of publisher, distributor, etc | ELBS, c 1988. |
| Date of publication, distribution, etc | c 1988. |
| 300 ## - PHYSICAL DESCRIPTION | |
| Extent | xi,332p. |
| Dimensions | 24 cm |
| 504 ## - BIBLIOGRAPHY, ETC. NOTE | |
| Bibliography, etc | includes index |
| 650 ## - SUBJECT ADDED ENTRY--TOPICAL TERM | |
| Topical term or geographic name as entry element | Signal theory (Telecommunication) |
| 650 ## - SUBJECT ADDED ENTRY--TOPICAL TERM | |
| Topical term or geographic name as entry element | Communication systems |
| 650 ## - SUBJECT ADDED ENTRY--TOPICAL TERM | |
| Topical term or geographic name as entry element | Signals |
| 942 ## - ADDED ENTRY ELEMENTS (KOHA) | |
| Item type | Book - Borrowing |
| Call number prefix | 621.3804L9891 |
| Withdrawn status | Item status | Damaged status | Not for loan | Home library | Current library | Shelving location | Date acquired | Source of acquisition | Total Checkouts | Full call number | Barcode | Date last seen | Date last borrowed | Koha item type |
|---|---|---|---|---|---|---|---|---|---|---|---|---|---|---|
| Central Library | Central Library | First floor | 17/09/2007 | Purchase | 1 | 621.3804 LYN | 000005834 | 15/07/2025 | 09/03/2011 | Book - Borrowing |